• 首页
  • 本馆介绍
  • 公告通知
  • 最新文献
  • 馆藏检索
  • 电子资源
  • 读者导购
  • 参考咨询
  • 我的图书馆
  • 登录
  • 详细信息显示
  • 放入我的书架
  • 预约/预借图书
  • 作者相关作品
  • 分类相关作品
  • 丛书相关作品
  • 出版社相关作品

书目信息

  • 表格格式
  • 工作单格式
  • 卡片格式
题名:
语文
    
 
作者: 温儒敏 总主编 ;陈先云 , 何源 主编
分册: 四年级下册   四年级
出版信息: 北京   人民教育出版社  2019
页数: 141页
开本: 26cm
丛书名:
单 册:
中图分类: G634.301 , G624.201 , G624.2
科图分类:
主题词: 中学语文课--Zhong Xue Yu Wen Ke--中小学--教材 , 小学语文课--Xiao Xue Yu Wen Ke--教材
电子资源:
ISBN: 978-7-107-34120-5
000 00953nam0 2200301 450
001 010927821
005 20251211152226.01
010    @a978-7-107-34120-5@dCNY8.90
100    @a20241025d2019 cemy0chiy50 ea
101 0  @achi
102    @aCN@b110000
105    @aa z 000yy
200 1  @a语文@AYu Wen@i四年级@h四年级下册@f温儒敏总主编
210    @a北京@c人民教育出版社@d2019@h2024重印
215    @a141页@c图@d26cm
300    @a义务教育教科书
304    @a教育部组织编写
314    @a版权页题:陈先云[等]主编;何源[等]编写
606 0  @a中学语文课@AZhong Xue Yu Wen Ke@x中小学@j教材
606 0  @a小学语文课@AXiao Xue Yu Wen Ke@j教材
690    @aG634.301@v5
690    @aG624.201@v5
690    @aG624.2@v4
701  0 @a温儒敏@AWen Ru Min@f(1946.2~)@4总主编
702  0 @a陈先云@AChen Xian Yun@c(小学语文)@4主编
702  0 @a何源@AHe Yuan@4编写
801  0 @aCN@bAHXH@c20241025
905    @b214146413@b214146404@dG624.2@e2945:4(2)@f2
    
    语文.四年级.四年级下册/温儒敏总主编.-北京:人民教育出版社,2019(2024重印)
    141页:图;26cm
    义务教育教科书
    
    ISBN 978-7-107-34120-5:CNY8.90
    
●
相关链接 在E读中查询图书 在五车中查询图书 在当当中查询图书 在豆瓣中查询图书


正题名:语文     索取号:G624.2/2945:4(2)         预约/预借

序号 登录号 条形码 馆藏地/架位号 状态 备注
1 1414640   214146404   第四借阅区/ [索取号:G624.2/2945:4(2)] 在馆    
2 1414641   214146413   第四借阅区/ [索取号:G624.2/2945:4(2)] 在馆    
3 1441717   214417175   第四借阅区/ [索取号:G624.2/2945:4(2)] 在馆    
4 1441718   214417184   第四借阅区/ [索取号:G624.2/2945:4(2)] 在馆    
5 1441719   214417193   第四借阅区/ [索取号:G624.2/2945:4(2)] 在馆    
唐山师范学院图书馆 欢迎您!
大连网信软件有限公司© 版权所有